000 00368 a2200157 4500
001 69358
020 _a8572084495
040 _cAnchieta - Itaigara
100 _aSypriano, Lilian
240 1 0 _aMãos ao alto! É um assalto!
_lpor
245 1 0 _aMãos ao alto! É um assalto!
300 _a32
362 0 _a2006
650 4 _aLiteratura infanto-juvenil
942 _cBK
999 _c69358
_d69358